|
|
|
|
| LEADER |
01839nam a22004817a 4500 |
| 001 |
37649 |
| 003 |
BD-DhAAL |
| 005 |
20220203153256.0 |
| 008 |
220203t2004 pk a||| b |||| 0 eng d |
| 999 |
|
|
|c 43455
|d 43455
|
| 010 |
|
|
|a 2019756660
|
| 020 |
|
|
|a 9698073026
|
| 024 |
7 |
|
|a 10.1007/978-981-4560-67-2
|2 doi
|
| 035 |
|
|
|a (DE-He213)978-981-4560-67-2
|
| 040 |
|
|
|a DLC
|b eng
|e pn
|e rda
|c DLC
|d BD-DhAAL
|
| 072 |
|
7 |
|a EDU046000
|2 bisacsh
|
| 072 |
|
7 |
|a JNMT
|2 bicssc
|
| 072 |
|
7 |
|a JNMT
|2 thema
|
| 082 |
0 |
4 |
|a 370.711
|2 23
|
| 100 |
1 |
|
|a Kemmis, Stephen,
|e author.
|9 45427
|
| 245 |
1 |
4 |
|a The action research planner /
|c by Stephen Kemmis, Robin McTaggart, and John Retallick.
|
| 250 |
|
|
|a Second edition (revised)
|
| 260 |
|
|
|a Karachi, Pakistan :
|b Aga Khan University Institute for Educational Development,
|c c2004
|
| 300 |
|
|
|a 58 pages ;
|c 25 cm.
|
| 526 |
|
|
|a BIED
|
| 541 |
|
|
|a Complimentary copy from BIED
|e 37649
|
| 650 |
|
0 |
|a Assessment.
|9 45428
|
| 650 |
|
0 |
|a Instruction.
|9 45429
|
| 650 |
|
0 |
|a Learning.
|9 45430
|
| 650 |
|
0 |
|a Teaching.
|9 45431
|
| 650 |
1 |
4 |
|a Teaching and Teacher Education.
|9 45432
|
| 650 |
2 |
4 |
|a Assessment, Testing and Evaluation.
|9 45433
|
| 650 |
2 |
4 |
|a Learning & Instruction.
|9 45434
|
| 650 |
2 |
4 |
|a Education.
|9 45435
|
| 700 |
1 |
|
|a McTaggart, Robin,
|e author.
|9 45436
|
| 700 |
1 |
|
|a Retallick, John,
|e author.
|9 45437
|
| 776 |
0 |
8 |
|i Print version:
|t The action research planner.
|z 9789814560665
|w (DLC) 2013951822
|
| 776 |
0 |
8 |
|i Printed edition:
|z 9789811013508
|
| 776 |
0 |
8 |
|i Printed edition:
|z 9789814560665
|
| 776 |
0 |
8 |
|i Printed edition:
|z 9789814560689
|
| 852 |
|
|
|a Ayesha Abed Library
|c General Stacks
|
| 942 |
|
|
|2 ddc
|c BK
|
| 952 |
|
|
|0 0
|1 0
|2 ddc
|4 0
|6 370_711000000000000_KEM
|7 0
|9 69726
|a BRACUL
|b BRACUL
|c GEN
|d 2022-02-03
|e Complimentary copy from BIED
|l 0
|o 370.711 KEM
|p 3010037649
|r 2022-02-03
|t 1
|w 2022-02-03
|y BK
|x BIED-2181
|